[Event "Porto Sant Elpidio op-B 16th"]
[Site "Porto Sant Elpidio"]
[Date "2013.11.16"]
[Round "1"]
[White "Skrijely, Edin"]
[Black "Scuppa, Massimo"]
[Result "1-0"]
[WhiteElo "1713"]
[BlackElo "1553"]
[PlyCount "63"]
[EventDate "2013.11.16"]
[EventType "swiss"]
[EventRounds "6"]
[EventCountry "ITA"]
[SourceTitle "EXT 2015"]
[Source "ChessBase"]
[SourceDate "2014.11.20"]
[SourceVersion "1"]
[SourceVersionDate "2014.11.20"]
[SourceQuality "1"]

1. Nf3 Nc6 2. e3 d5 3. b3 e5 4. Bb2 Bg4 5. Be2 Bxf3 6. Bxf3 e4 7. Be2 Nf6 8. h3 Bc5 9. d3 d4 10. Bc1 Qe7 11. 0-0 exd3 12. Qxd3 0-0 13. Re1 Rad8 14. e4 Ne5 15. Qd1 Nxe4 16. Bd3 Nc3 17. Qh5 Nf3+ 18. gxf3 Qxe1+ 19. Kg2 g6 20. Qh6 Rd5 21. Nd2 Rh5 22. Qf4 Nd5 23. Qg4 Bd6 24. Nf1 f5 25. Qxd4 Nf4+ 26. Bxf4 Qxa1 27. Qxa1 Bxf4 28. Bc4+ Rf7 29. Qd4 Rg5+ 30. Ng3 Bd6 31. Qe3 f4 32. Qe8+ 1-0